| 000 | 00553nam a22002057a 4500 | ||
|---|---|---|---|
| 003 | Ost | ||
| 005 | 20200717115314.0 | ||
| 008 | 200717b ||||| |||| 00| 0 eng d | ||
| 020 | _a9781138096189 | ||
| 040 | _cBT-PhCST | ||
| 050 | _a23306-23309 | ||
| 082 |
_222 _a363.69 _bFEI |
||
| 100 | _aFeilden, Bernard M. | ||
| 245 | _aConservation of historic buildings / | ||
| 250 |
_a3rd ed. _bSpecial Indian ed. |
||
| 260 |
_aLondon : _bRoutledge, _cReprint 2020. |
||
| 300 |
_axiv, 388 p. : _bill. ; _c28 cm. |
||
| 500 | _aIncludes index. | ||
| 942 |
_2ddc _cAE |
||
| 999 |
_c7864 _d7864 |
||